Statistics for English Premier League Football Grounds

Click here to take the quiz!

General Stats

  • This quiz has been taken 240 times
  • The average score is 14 of 20

Answer Stats

ClubGround% Correct
Manchester UnitedOld {Trafford}
95%
Chelsea{Stamford} Bridge
95%
Liverpool{Anfield}
93%
Aston Villa{Villa} Park
93%
Tottenham Hotspur{White} {Hart} Lane
90%
SunderlandStadium of {Light}
85%
Newcastle United{St} {James} Park
85%
Everton{Goodison} Park
83%
Crystal Palace{Selhurst} Park
71%
Norwich City{Carrow} Road
69%
Southampton{St} {Marys} Stadium
69%
Manchester City{City} {of} {Manchester} Stadium
68%
West Bromwich AlbionThe {Hawthorns}
66%
Watford{Vicarage} Road
61%
West Ham{Boleyn} Ground
56%
Arsenal{Ashburton} Grove
52%
Swansea City{Swansea} Stadium
52%
Bournemouth{Dean} Court
42%
Stoke City{Britannia} Stadium
40%
Leicester City{Leicester} {City} Stadium
22%

Score Distribution

Percentile by Number Answered

Percent of People with Each Score

Your Score History

You have not taken this quiz